Analýza vybraných determinantů výše investic do profesního vzdělávání

Ďalšie vzdelávanie zamestnancov organizácií ako jeden z faktorov, ktoré ovplyvňujú konkurencieschopnosť organizácií. Výsledky pilotnej štúdie zameranej na analýzu vybraných determinantov výšky investícií do ďalšieho vzdelávania a odbornej prípravy. Štúdia vypracovaná na výskumnej vzorke 42 organizác...

Ausführliche Beschreibung

Gespeichert in:
Bibliographische Detailangaben
1. Verfasser: Míková, Irena
Weitere Verfasser: Komárková, Lenka, Pudil, Pavel
Format: Buchkapitel
Sprache:Tschechisch
Schlagworte:
Tags: Tag hinzufügen
Keine Tags, Fügen Sie das erste Tag hinzu!

MARC

LEADER 00000nla a2200000 4500
001 0237090
005 20240417075128.8
041 0 |a cze 
044 |a CZ 
245 1 0 |a Analýza vybraných determinantů výše investic do profesního vzdělávání  |c Irena Míková, Lenka Komárková, Pavel Pudil 
520 |a Ďalšie vzdelávanie zamestnancov organizácií ako jeden z faktorov, ktoré ovplyvňujú konkurencieschopnosť organizácií. Výsledky pilotnej štúdie zameranej na analýzu vybraných determinantov výšky investícií do ďalšieho vzdelávania a odbornej prípravy. Štúdia vypracovaná na výskumnej vzorke 42 organizácií pôsobiacich v ČR. 
610 2 0 |a vzdelávanie ďalšie 
610 2 0 |a vzdelávanie dospelých 
610 2 0 |a zamestnanci 
610 2 0 |a investície finančné 
610 2 0 |a firmy 
610 2 0 |a organizácie 
610 2 0 |a výskum 
610 2 0 |a Česko 
100 1 |a Míková, Irena 
700 1 |a Komárková, Lenka 
700 1 |a Pudil, Pavel